[Event "Sao Paulo Hebraica 18th"]
[Site "Sao Paulo"]
[Date "2015.06.06"]
[Round "3"]
[White "Rodi, Luis Ernesto"]
[Black "Cubas, Jose Fernando"]
[Result "0-1"]
[WhiteElo "2364"]
[BlackElo "2455"]
[PlyCount "130"]
[EventDate "2015.06.05"]
[EventType "tourn"]
[EventRounds "9"]
[EventCountry "BRA"]
[EventCategory "8"]
[SourceTitle "CBM 166 Extra"]
[Source "ChessBase"]
[SourceDate "2015.06.18"]
[SourceVersion "1"]
[SourceVersionDate "2015.06.18"]
[SourceQuality "1"]

1. e4 c5 2. Nc3 Nc6 3. Bb5 g6 4. Bxc6 dxc6 5. d3 Bg7 6. Be3 b6 7. Qd2 e5 8.
Nge2 Nf6 9. Bh6 Bxh6 10. Qxh6 Ng4 11. Qd2 Qh4 12. Ng3 Be6 13. O-O-O O-O-O 14.
h3 Nf6 15. Qe3 Rd7 16. Nge2 Ne8 17. Rhf1 g5 18. b3 f6 19. Kb2 Qh5 20. a4 a5 21.
Nb1 Nc7 22. Na3 Rhd8 23. Ng3 Qf7 24. Qe2 Kb7 25. Nc4 Bxc4 26. bxc4 Ne6 27. Nf5
Nd4 28. Nxd4 cxd4 29. Rb1 Ka6 30. Qd2 Rb7 31. Ra1 Qc7 32. Rfb1 b5 33. axb5+
cxb5 34. Kc1 Rc8 35. Rb4 Qd8 36. Rxb5 Rxb5 37. cxb5+ Kxb5 38. Ra3 a4 39. Kd1
Qa5 40. Qc1 Rb8 41. Qa1 Qb4 42. Qa2 Ka5 43. Rb3 Qd6 44. Rxb8 Qxb8 45. Qd5+ Kb4
46. Qe6 Ka3 47. Qxf6 Qb1+ 48. Kd2 Qb4+ 49. Kd1 Qb1+ 50. Kd2 Qb4+ 51. Kd1 Qb1+
52. Kd2 Kb2 53. Qb6+ Ka2 54. Qe6+ Kb2 55. Qb6+ Ka2 56. Qe6+ Ka1 57. Qxe5 Qb2
58. Kd1 Qb1+ 59. Kd2 Qb4+ 60. Kd1 Kb1 61. Qxg5 Qb2 62. Qd2 a3 63. e5 a2 64. e6
a1=Q 65. e7 Qa4 0-1

[Event "Sao Paulo Hebraica 18th"]
[Site "Sao Paulo"]
[Date "2015.06.07"]
[Round "4"]
[White "Cubas, Jose Fernando"]
[Black "Carneiro, Vitor Roberto Castr"]
[Result "0-1"]
[WhiteElo "2455"]
[BlackElo "2366"]
[PlyCount "90"]
[EventDate "2015.06.05"]
[EventType "tourn"]
[EventRounds "9"]
[EventCountry "BRA"]
[EventCategory "8"]
[SourceTitle "CBM 166 Extra"]
[Source "ChessBase"]
[SourceDate "2015.06.18"]
[SourceVersion "1"]
[SourceVersionDate "2015.06.18"]
[SourceQuality "1"]

1. e4 c6 2. d4 d5 3. Nd2 dxe4 4. Nxe4 Bf5 5. Ng3 Bg6 6. h4 h6 7. Nf3 Nd7 8. h5
Bh7 9. Bd3 Bxd3 10. Qxd3 e6 11. Bf4 Qa5+ 12. Bd2 Bb4 13. c3 Be7 14. c4 Qc7 15.
O-O-O Ngf6 16. Kb1 O-O 17. Rde1 Rad8 18. Qc2 Rfe8 19. Ne4 c5 20. Nxc5 Nxc5 21.
dxc5 Bxc5 22. Bc3 Ng4 23. Re2 Qb6 24. Ne5 Nxe5 25. Bxe5 Bd4 26. Rhe1 Bxe5 27.
Rxe5 Rd4 28. R5e4 Red8 29. Rxd4 Rxd4 30. Qe2 Qc6 31. Qe3 Qxc4 32. Rc1 Qd5 33.
f3 Rd1 34. a3 b6 35. g4 Rxc1+ 36. Kxc1 Qc5+ 37. Qxc5 bxc5 38. Kd2 Kf8 39. Kd3
Ke7 40. Ke4 Kd6 41. f4 f6 42. Ke3 Kd5 43. b3 e5 44. a4 e4 45. a5 a6 0-1

[Event "Sao Paulo Hebraica 18th"]
[Site "Sao Paulo"]
[Date "2015.06.08"]
[Round "5"]
[White "Molina, Roberto Junio Brito"]
[Black "Cubas, Jose Fernando"]
[Result "1-0"]
[WhiteElo "2450"]
[BlackElo "2455"]
[PlyCount "58"]
[EventDate "2015.06.05"]
[EventType "tourn"]
[EventRounds "9"]
[EventCountry "BRA"]
[EventCategory "8"]
[SourceTitle "CBM 166 Extra"]
[Source "ChessBase"]
[SourceDate "2015.06.18"]
[SourceVersion "1"]
[SourceVersionDate "2015.06.18"]
[SourceQuality "1"]

1. d4 Nf6 2. c4 g6 3. Nc3 Bg7 4. e4 d6 5. Nf3 O-O 6. Be2 e5 7. O-O Nc6 8. d5
Ne7 9. b4 Ne8 10. c5 f5 11. Nd2 Nf6 12. a4 Bh6 13. exf5 Nxf5 14. Nf3 Bg7 15.
Ra2 Qe8 16. a5 Qf7 17. b5 Nd4 18. Bc4 Kh8 19. cxd6 cxd6 20. Nxd4 exd4 21. Qxd4
Bf5 22. Qd2 Rac8 23. Be2 Ne4 24. Nxe4 Bxe4 25. Bb2 Qxd5 26. f3 Qc5+ 27. Kh1 Bd5
28. Ba3 Bc3 29. Bxc5 Bxd2 1-0

[Event "Sao Paulo Hebraica 18th"]
[Site "Sao Paulo"]
[Date "2015.06.10"]
[Round "7"]
[White "Cubas, Jose Fernando"]
[Black "Supi, Luis Paulo"]
[Result "0-1"]
[WhiteElo "2455"]
[BlackElo "2424"]
[PlyCount "54"]
[EventDate "2015.06.05"]
[EventType "tourn"]
[EventRounds "9"]
[EventCountry "BRA"]
[EventCategory "8"]
[SourceTitle "CBM 166 Extra"]
[Source "ChessBase"]
[SourceDate "2015.06.18"]
[SourceVersion "1"]
[SourceVersionDate "2015.06.18"]
[SourceQuality "1"]

1. e4 c5 2. Nf3 Nc6 3. d4 cxd4 4. Nxd4 Nf6 5. Nc3 e5 6. Nde2 Bc5 7. Be3 Bxe3 8.
fxe3 d6 9. Ng3 Be6 10. Bb5 Qb6 11. Qd3 O-O-O 12. O-O Kb8 13. Nf5 Bxf5 14. Bxc6
Bg6 15. Bd5 Rc8 16. Bb3 Qc6 17. Rad1 Rhd8 18. Rxf6 gxf6 19. Nd5 Qa6 20. Qxa6
bxa6 21. Nxf6 d5 22. Bxd5 Rxc2 23. g4 Rh8 24. h4 h5 25. g5 Rd8 26. Rd3 Rxb2 27.
Rc3 Bxe4 0-1

[Event "Sao Paulo Hebraica 18th"]
[Site "Sao Paulo"]
[Date "2015.06.11"]
[Round "8"]
[White "Sztokbant, Bernardo Vainzoff"]
[Black "Cubas, Jose Fernando"]
[Result "0-1"]
[WhiteElo "2280"]
[BlackElo "2455"]
[PlyCount "136"]
[EventDate "2015.06.05"]
[EventType "tourn"]
[EventRounds "9"]
[EventCountry "BRA"]
[EventCategory "8"]
[SourceTitle "CBM 166 Extra"]
[Source "ChessBase"]
[SourceDate "2015.06.18"]
[SourceVersion "1"]
[SourceVersionDate "2015.06.18"]
[SourceQuality "1"]

1. e4 c5 2. Nf3 Nc6 3. d4 cxd4 4. Nxd4 e5 5. Nb5 d6 6. c4 Be7 7. N1c3 a6 8. Na3
f5 9. exf5 Bxf5 10. Bd3 Be6 11. O-O Nf6 12. Nc2 O-O 13. Bg5 Qe8 14. Qe2 Kh8 15.
Rad1 Rc8 16. Ne4 Nxe4 17. Qxe4 Bf5 18. Qe3 e4 19. Be2 Ne5 20. Bxe7 Qxe7 21. b3
Rf6 22. Rd5 Rcf8 23. c5 dxc5 24. Qxc5 Qxc5 25. Rxc5 Nd3 26. Bxd3 exd3 27. Ne3
Bg6 28. Rd5 b5 29. Ng4 Re6 30. Ne5 Be4 31. Rc5 Rfe8 32. f3 Bg6 33. Nxg6+ hxg6
34. Rd5 Re2 35. Rf2 Rc2 36. Rxd3 Re1+ 37. Rf1 Ree2 38. Rfd1 Rxg2+ 39. Kf1 Rxh2
40. Kg1 Rcg2+ 41. Kf1 Rxa2 42. Kg1 Kh7 43. Rd4 Rhg2+ 44. Kh1 g5 45. Rg4 Rxg4
46. fxg4 Rf2 47. Ra1 Rf4 48. Rg1 Rf3 49. Ra1 Rg3 50. Rxa6 Rxg4 51. Kh2 Rb4 52.
Ra3 Kg6 53. Kg2 Kf5 54. Kg3 g4 55. Kf2 g5 56. Kg2 Kf4 57. Ra8 Rxb3 58. Rf8+ Ke4
59. Re8+ Kd4 60. Rd8+ Kc4 61. Rc8+ Kb4 62. Rg8 Re3 63. Rxg5 Re4 64. Rg8 Kc3 65.
Rc8+ Kb2 66. Rb8 b4 67. Kf2 b3 68. Rb7 Kc2 0-1

[Event "Florianopolis 2nd"]
[Site "Florianopolis"]
[Date "2015.06.19"]
[Round "1"]
[White "Umetsubo, Cesar Hidemitsu"]
[Black "Cubas, Jose Fernando"]
[Result "1/2-1/2"]
[WhiteElo "2321"]
[BlackElo "2455"]
[PlyCount "79"]
[EventDate "2015.06.19"]
[EventType "tourn"]
[EventRounds "9"]
[EventCountry "BRA"]
[EventCategory "6"]
[SourceTitle "CBM 167 Extra"]
[Source "ChessBase"]
[SourceDate "2015.09.14"]
[SourceVersion "1"]
[SourceVersionDate "2015.09.14"]
[SourceQuality "1"]

1. d4 Nf6 2. c4 g6 3. Nc3 Bg7 4. e4 d6 5. Nf3 O-O 6. Be2 Bg4 7. Be3 Nfd7 8. O-O
Nc6 9. Ne1 Bxe2 10. Nxe2 Na5 11. b3 c5 12. Qd2 Nc6 13. Rd1 cxd4 14. Nxd4 Nxd4
15. Bxd4 Bxd4 16. Qxd4 Qa5 17. Qd2 Qxd2 18. Rxd2 a5 19. Nd3 a4 20. b4 Rfc8 21.
Rc1 a3 22. Kf1 Ra4 23. Rdc2 Kf8 24. Ke1 Ke8 25. Kd2 Nb8 26. c5 dxc5 27. Rxc5
Rd8 28. Rc8 Nc6 29. Rxd8+ Kxd8 30. Kc3 b5 31. Rd1 Kc8 32. Rb1 e5 33. Kd2 Kd8
34. Ke3 Ke7 35. g3 f6 36. f4 Kd6 37. Rd1 Ke7 38. Rb1 Kd6 39. Rd1 Ke7 40. Rb1
1/2-1/2

[Event "Florianopolis 2nd"]
[Site "Florianopolis"]
[Date "2015.06.20"]
[Round "2"]
[White "Cubas, Jose Fernando"]
[Black "Molina, Roberto Junio Brito"]
[Result "1/2-1/2"]
[WhiteElo "2455"]
[BlackElo "2450"]
[PlyCount "149"]
[EventDate "2015.06.19"]
[EventType "tourn"]
[EventRounds "9"]
[EventCountry "BRA"]
[EventCategory "6"]
[SourceTitle "CBM 167 Extra"]
[Source "ChessBase"]
[SourceDate "2015.09.14"]
[SourceVersion "1"]
[SourceVersionDate "2015.09.14"]
[SourceQuality "1"]

1. d4 Nf6 2. Nf3 g6 3. Bf4 Bg7 4. e3 O-O 5. Be2 c5 6. c3 b6 7. a4 d6 8. h3 Bb7
9. O-O a6 10. Nbd2 Nbd7 11. Re1 Qc7 12. Bh2 Ne4 13. Qb3 Nxd2 14. Nxd2 Rac8 15.
Rad1 Kh8 16. Bg3 Qc6 17. Bf3 Qc7 18. Bh4 c4 19. Qc2 Bxf3 20. Nxf3 e6 21. e4 Kg8
22. Bg3 Rfd8 23. Qd2 h6 24. h4 Nf6 25. e5 dxe5 26. Nxe5 Qe7 27. Qe2 b5 28. axb5
axb5 29. Qf3 Nd5 30. Ra1 Qf6 31. Qe2 Ra8 32. Nd7 Qf5 33. Nc5 Nf4 34. Bxf4 Qxf4
35. g3 Qf5 36. Nb7 Rxa1 37. Rxa1 Rd5 38. Na5 Bf6 39. Nc6 Kg7 40. Re1 g5 41.
hxg5 hxg5 42. Kg2 g4 43. Qe4 Kg6 44. Qe2 Rd6 45. Nb4 Rd8 46. Rh1 Ra8 47. Qe3
Bg5 48. Qe2 Kg7 49. Re1 Be7 50. Nc6 Qd5+ 51. Qe4 Bd6 52. Qxd5 exd5 53. Ne7 Bxe7
54. Rxe7 Ra2 55. Re5 Rxb2 56. Rxd5 Kf6 57. Re5 Rb3 58. Kf1 Rxc3 59. Rxb5 Rd3
60. Ke2 Rxd4 61. Ke3 Rd3+ 62. Kf4 Rf3+ 63. Kxg4 Rxf2 64. Rc5 Rc2 65. Kf4 Ke6
66. Ke4 Kf6 67. Kd4 Rg2 68. Rxc4 Rxg3 69. Rc7 Rf3 70. Ke4 Rf1 71. Rc8 Kg7 72.
Rc6 Rf2 73. Ke3 Rf5 74. Ke4 Rf1 75. Ke3 1/2-1/2

[Event "Florianopolis 2nd"]
[Site "Florianopolis"]
[Date "2015.06.20"]
[Round "3"]
[White "Gauche, Charles"]
[Black "Cubas, Jose Fernando"]
[Result "1-0"]
[WhiteElo "2275"]
[BlackElo "2455"]
[PlyCount "83"]
[EventDate "2015.06.19"]
[EventType "tourn"]
[EventRounds "9"]
[EventCountry "BRA"]
[EventCategory "6"]
[SourceTitle "CBM 167 Extra"]
[Source "ChessBase"]
[SourceDate "2015.09.14"]
[SourceVersion "1"]
[SourceVersionDate "2015.09.14"]
[SourceQuality "1"]

1. d4 Nf6 2. c4 g6 3. Nc3 Bg7 4. e4 d6 5. Bg5 h6 6. Be3 O-O 7. Be2 Na6 8. g4 c5
9. d5 e6 10. f3 exd5 11. cxd5 Nc7 12. Qd2 b5 13. h4 b4 14. Nd1 h5 15. g5 Nd7
16. Nh3 Ne5 17. f4 Ng4 18. Nhf2 Nxe3 19. Nxe3 Re8 20. O-O-O Ba6 21. Bxa6 Nxa6
22. Nc4 Nc7 23. Rhe1 Nb5 24. e5 dxe5 25. fxe5 Nd4 26. d6 Qc8 27. Qd3 Qa6 28.
Kb1 Nf5 29. Qd5 Rad8 30. Re4 Nd4 31. Nd3 Qa4 32. Rc1 Ne6 33. Rf1 Qb5 34. b3 a5
35. Ndb2 Rd7 36. Na4 Nc7 37. Qxc5 Qb7 38. Rfe1 Nb5 39. Nxa5 Qa6 40. Qxb4 Nxd6
41. Nc5 Qb5 42. Qxb5 1-0

[Event "Florianopolis 2nd"]
[Site "Florianopolis"]
[Date "2015.06.22"]
[Round "5"]
[White "Rodriguez Vila, Andres"]
[Black "Cubas, Jose Fernando"]
[Result "1-0"]
[WhiteElo "2469"]
[BlackElo "2455"]
[PlyCount "67"]
[EventDate "2015.06.19"]
[EventType "tourn"]
[EventRounds "9"]
[EventCountry "BRA"]
[EventCategory "6"]
[SourceTitle "CBM 167 Extra"]
[Source "ChessBase"]
[SourceDate "2015.09.14"]
[SourceVersion "1"]
[SourceVersionDate "2015.09.14"]
[SourceQuality "1"]

1. e4 c5 2. Nf3 d6 3. d4 cxd4 4. Nxd4 Nf6 5. Nc3 a6 6. Be2 e5 7. Nf3 h6 8. Bc4
Be7 9. Nh4 Nc6 10. O-O Na5 11. Be2 O-O 12. Bf3 d5 13. exd5 e4 14. Be2 Nh7 15.
g3 Bxh4 16. gxh4 Bh3 17. Nxe4 Qxh4 18. Ng3 Rad8 19. Re1 Nf6 20. Bf3 Be6 21.
Rxe6 fxe6 22. Qe1 exd5 23. Qxa5 Ng4 24. Bxg4 Qxg4 25. Be3 h5 26. Bc5 Rfe8 27.
Qb4 Re4 28. Qxb7 Rde8 29. Qxd5+ Kh8 30. f3 Qxf3 31. Nxe4 Rxe4 32. Qd8+ Kh7 33.
Qd3 Qf5 34. Kh1 1-0

[Event "Florianopolis 2nd"]
[Site "Florianopolis"]
[Date "2015.06.22"]
[Round "6"]
[White "Cubas, Jose Fernando"]
[Black "Aguiar, Lucas Teodoro Barbo"]
[Result "1-0"]
[WhiteElo "2455"]
[BlackElo "2316"]
[PlyCount "81"]
[EventDate "2015.06.19"]
[EventType "tourn"]
[EventRounds "9"]
[EventCountry "BRA"]
[EventCategory "6"]
[SourceTitle "CBM 167 Extra"]
[Source "ChessBase"]
[SourceDate "2015.09.14"]
[SourceVersion "1"]
[SourceVersionDate "2015.09.14"]
[SourceQuality "1"]

1. e4 c5 2. Nf3 Nc6 3. d4 cxd4 4. Nxd4 Nf6 5. Nc3 d6 6. Bg5 e6 7. Qd2 a6 8.
O-O-O h6 9. Be3 Qc7 10. f3 b5 11. Kb1 Nd7 12. g4 Bb7 13. h4 Nce5 14. Qf2 Be7
15. a3 Rc8 16. Rg1 Qd8 17. f4 Rxc3 18. fxe5 Bxh4 19. Qd2 Rxe3 20. Qxe3 Nxe5 21.
Nf3 Nxf3 22. Qxf3 Qb6 23. Qf4 e5 24. Qh2 Bg5 25. Bd3 Bc8 26. c4 b4 27. c5 Qa5
28. cxd6 Be6 29. Qe2 O-O 30. Bc4 bxa3 31. Bxe6 fxe6 32. Qc4 Rf2 33. b3 a2+ 34.
Ka1 Bd2 35. Rg3 Qa3 36. d7 Bg5 37. Qc3 Kh7 38. Rgd3 a5 39. d8=Q Bxd8 40. Rxd8
a4 41. R8d3 1-0

[Event "Florianopolis 2nd"]
[Site "Florianopolis"]
[Date "2015.06.23"]
[Round "7"]
[White "Dejeanne, Francisco Horacio"]
[Black "Cubas, Jose Fernando"]
[Result "1/2-1/2"]
[WhiteElo "2195"]
[BlackElo "2455"]
[PlyCount "102"]
[EventDate "2015.06.19"]
[EventType "tourn"]
[EventRounds "9"]
[EventCountry "BRA"]
[EventCategory "6"]
[SourceTitle "CBM 167 Extra"]
[Source "ChessBase"]
[SourceDate "2015.09.14"]
[SourceVersion "1"]
[SourceVersionDate "2015.09.14"]
[SourceQuality "1"]

1. d4 Nf6 2. c4 e6 3. g3 c5 4. Nf3 cxd4 5. Nxd4 Bb4+ 6. Bd2 Be7 7. Bg2 O-O 8.
O-O Nc6 9. Bc3 d5 10. cxd5 exd5 11. Nd2 Qb6 12. e3 Re8 13. Qb3 Qxb3 14. N2xb3
Ne4 15. Nxc6 bxc6 16. Bxe4 dxe4 17. Bd4 Be6 18. Rfc1 Rec8 19. Nc5 Bd5 20. Na6
f6 21. Rc3 Kf7 22. a3 Bd8 23. Rac1 Bb6 24. Bxb6 axb6 25. Nb4 Be6 26. Nxc6 Bd7
27. Nd4 Rxc3 28. Rxc3 Ke7 29. Kf1 Kd6 30. Ke1 h5 31. Kd2 h4 32. Rc1 hxg3 33.
hxg3 Rh8 34. Rc2 g5 35. Kc3 f5 36. Kb4 Rf8 37. Nb5+ Ke7 38. a4 Rf6 39. b3 Rh6
40. Na3 Be6 41. Nb5 Rh1 42. Nd4 Bd7 43. a5 bxa5+ 44. Kxa5 Rd1 45. b4 f4 46.
gxf4 gxf4 47. b5 Kd6 48. Kb6 fxe3 49. fxe3 Rd3 50. Re2 Kd5 51. Re1 Be8 1/2-1/2

[Event "Florianopolis 2nd"]
[Site "Florianopolis"]
[Date "2015.06.24"]
[Round "8"]
[White "Cubas, Jose Fernando"]
[Black "Languidey, Simon Alejandro"]
[Result "0-1"]
[WhiteElo "2455"]
[BlackElo "2334"]
[PlyCount "172"]
[EventDate "2015.06.19"]
[EventType "tourn"]
[EventRounds "9"]
[EventCountry "BRA"]
[EventCategory "6"]
[SourceTitle "CBM 167 Extra"]
[Source "ChessBase"]
[SourceDate "2015.09.14"]
[SourceVersion "1"]
[SourceVersionDate "2015.09.14"]
[SourceQuality "1"]

1. d4 Nf6 2. Nf3 e6 3. Bf4 c5 4. e3 Qb6 5. Qc1 Nc6 6. c3 d5 7. h3 Bd7 8. Be2
Rc8 9. Nbd2 Be7 10. O-O O-O 11. Qb1 Rfd8 12. a4 a5 13. Bd3 Be8 14. Ne5 h6 15.
Kh1 Nxe5 16. Bxe5 Bc6 17. Bg3 Re8 18. Bh4 cxd4 19. exd4 Ne4 20. Bxe4 Bxh4 21.
Bh7+ Kh8 22. f4 Qc7 23. Nf3 Bf6 24. Bd3 Rb8 25. Bb5 Rf8 26. Ne5 Bxe5 27. fxe5
Bxb5 28. axb5 b6 29. Qd3 Rbc8 30. Rad1 Qc4 31. Qxc4 Rxc4 32. Kg1 Kg8 33. Ra1
Ra8 34. Ra3 Rf8 35. Kf2 f6 36. exf6 gxf6 37. Ke3 Kf7 38. Kd3 Rg8 39. b3 Rcc8
40. Ra2 Rg3+ 41. Rf3 Rxf3+ 42. gxf3 e5 43. c4 dxc4+ 44. bxc4 exd4 45. Kxd4 Rd8+
46. Ke4 Rc8 47. Kd5 Rc5+ 48. Kd4 Rf5 49. c5 Rxc5 50. Rxa5 Kg6 51. Ra8 Rxb5 52.
Rb8 Rb4+ 53. Kd5 Rf4 54. Rxb6 Rxf3 55. Ke4 Rxh3 56. Kf4 Rh4+ 57. Kg3 Ra4 58.
Rb5 h5 59. Rb8 Kg5 60. Rg8+ Kf5 61. Rh8 Ra3+ 62. Kh4 Ra1 63. Rb8 Rh1+ 64. Kg3
h4+ 65. Kg2 Re1 66. Kf3 h3 67. Rh8 Ra1 68. Kg3 Ra3+ 69. Kh2 Ke5 70. Rb8 f5 71.
Rb5+ Kf6 72. Rb4 Kg5 73. Rc4 Re3 74. Ra4 f4 75. Ra8 Kg4 76. Rg8+ Kf3 77. Kxh3
Kf2+ 78. Kh2 f3 79. Rg2+ Kf1 80. Rg1+ Ke2 81. Ra1 Kf2 82. Ra2+ Kf1 83. Rb2 Re2+
84. Kh1 f2 85. Rb1+ Re1 86. Rb2 Rd1 0-1

[Event "Cuiaba Contaud op"]
[Site "Cuiaba"]
[Date "2015.07.31"]
[Round "1"]
[White "Bogarin, Lilio Moreira"]
[Black "Cubas, Jose Fernando"]
[Result "0-1"]
[WhiteElo "1855"]
[BlackElo "2413"]
[PlyCount "39"]
[EventDate "2015.07.31"]
[EventType "swiss"]
[EventRounds "6"]
[EventCountry "BRA"]
[SourceTitle "EXT 2016"]
[Source "ChessBase"]
[SourceDate "2015.10.08"]
[SourceVersion "1"]
[SourceVersionDate "2015.10.08"]
[SourceQuality "1"]

1. d4 Nf6 2. Nf3 g6 3. e3 Bg7 4. Bd3 O-O 5. Nbd2 d6 6. c3 e5 7. O-O Re8 8. e4
exd4 9. Nxd4 c5 10. N4f3 Nc6 11. Qc2 d5 12. exd5 Nxd5 13. Nb3 Ndb4 14. cxb4
Nxb4 15. Qxc5 Nxd3 16. Qa3 Bg4 17. Rd1 Bxf3 18. gxf3 Re1+ 19. Rxe1 Nxe1 20. Bf4
0-1

[Event "Cuiaba Contaud op"]
[Site "Cuiaba"]
[Date "2015.07.31"]
[Round "2"]
[White "Cubas, Jose Fernando"]
[Black "Abreu, Nilton Silva"]
[Result "1-0"]
[WhiteElo "2413"]
[BlackElo "2043"]
[PlyCount "69"]
[EventDate "2015.07.31"]
[EventType "swiss"]
[EventRounds "6"]
[EventCountry "BRA"]
[SourceTitle "EXT 2016"]
[Source "ChessBase"]
[SourceDate "2015.10.08"]
[SourceVersion "1"]
[SourceVersionDate "2015.10.08"]
[SourceQuality "1"]

1. e4 c5 2. Nf3 e6 3. d4 cxd4 4. Nxd4 Nf6 5. Nc3 Bb4 6. e5 Nd5 7. Bd2 Nxc3 8.
bxc3 Be7 9. Qg4 g6 10. Bd3 Nc6 11. Nxc6 dxc6 12. h4 Qa5 13. Qf4 Bd7 14. Rb1
O-O-O 15. c4 Qc7 16. Be3 Rhf8 17. O-O c5 18. Be4 Bc6 19. Rb3 f6 20. Rfb1 b6 21.
Bxc6 Qxc6 22. Rb5 g5 23. hxg5 fxg5 24. Qg4 Rf5 25. a4 Rd7 26. a5 Bd8 27. Bxc5
bxc5 28. Rb8+ Kc7 29. a6 Qxa6 30. Qe4 Rd1+ 31. Rxd1 Kxb8 32. Rxd8+ Kc7 33. Rd1
Qc6 34. Qd3 Kb8 35. Qd8+ 1-0

[Event "Cuiaba Contaud op"]
[Site "Cuiaba"]
[Date "2015.08.01"]
[Round "4"]
[White "Cubas, Jose Fernando"]
[Black "Fernandes Filho, Bergson Fragoso"]
[Result "1-0"]
[WhiteElo "2413"]
[BlackElo "2114"]
[PlyCount "95"]
[EventDate "2015.07.31"]
[EventType "swiss"]
[EventRounds "6"]
[EventCountry "BRA"]
[SourceTitle "EXT 2016"]
[Source "ChessBase"]
[SourceDate "2015.10.08"]
[SourceVersion "1"]
[SourceVersionDate "2015.10.08"]
[SourceQuality "1"]

1. e4 c5 2. Nf3 d6 3. d4 cxd4 4. Nxd4 Nf6 5. Nc3 g6 6. Be2 Bg7 7. g4 Nc6 8. Nb3
h5 9. g5 Nd7 10. Be3 Nb6 11. f4 Bg4 12. h3 Nc4 13. Bc1 Bxe2 14. Qxe2 Bxc3+ 15.
bxc3 b5 16. a4 a6 17. Be3 O-O 18. Nd2 Qa5 19. Nxc4 Qxc3+ 20. Kf2 Qxc4 21. Qxc4
bxc4 22. a5 Rfc8 23. Rhb1 Kf8 24. Ra4 Na7 25. Bxa7 Rxa7 26. Rb6 Rc5 27. Ke3 Ke8
28. Kd4 Kd7 29. e5 c3 30. exd6 exd6 31. Ra3 Rf5 32. Ke3 Rc7 33. Rxa6 Rc4 34.
Ra7+ Kc6 35. a6 Rcxf4 36. Re7 Rf3+ 37. Kd4 d5 38. Re3 R5f4+ 39. Kd3 Rxe3+ 40.
Kxe3 Re4+ 41. Kd3 Re8 42. a7 Ra8 43. Kxc3 Kb7 44. Kd4 Kc6 45. h4 Kb7 46. Ra2
Kc6 47. Ke5 Kc5 48. Kf6 1-0

[Event "Cuiaba Contaud op"]
[Site "Cuiaba"]
[Date "2015.08.02"]
[Round "6"]
[White "Moyses Sobrinho, Elias"]
[Black "Cubas, Jose Fernando"]
[Result "0-1"]
[WhiteElo "1941"]
[BlackElo "2413"]
[PlyCount "62"]
[EventDate "2015.07.31"]
[EventType "swiss"]
[EventRounds "6"]
[EventCountry "BRA"]
[SourceTitle "EXT 2016"]
[Source "ChessBase"]
[SourceDate "2015.10.08"]
[SourceVersion "1"]
[SourceVersionDate "2015.10.08"]
[SourceQuality "1"]

1. e4 c5 2. Nf3 Nc6 3. d4 cxd4 4. Nxd4 e5 5. Nxc6 bxc6 6. Bc4 Nf6 7. Qe2 Be7 8.
O-O O-O 9. Rd1 d6 10. h3 Kh8 11. Bg5 h6 12. Bxf6 Bxf6 13. Nc3 Be7 14. Kh1 Rb8
15. Bb3 f5 16. f3 Qe8 17. Qe3 Rb7 18. Rab1 f4 19. Qd3 g5 20. Bc4 Bd7 21. Ba6
Rb8 22. b4 g4 23. fxg4 h5 24. g5 h4 25. Qf3 Rg8 26. Bc4 Rxg5 27. Ne2 Qg6 28.
Kh2 Re8 29. Bd3 Qg7 30. Qf2 Rg3 31. Ng1 f3 0-1

[Event "Matinhos Caioba op"]
[Site "Matinhos"]
[Date "2015.08.14"]
[Round "1"]
[White "Silva Jr, Maurides Ferreira D"]
[Black "Cubas, Jose Fernando"]
[Result "0-1"]
[WhiteElo "1744"]
[BlackElo "2413"]
[PlyCount "64"]
[EventDate "2015.08.14"]
[EventType "swiss"]
[EventRounds "6"]
[EventCountry "BRA"]
[SourceTitle "EXT 2016"]
[Source "ChessBase"]
[SourceDate "2015.10.08"]
[SourceVersion "1"]
[SourceVersionDate "2015.10.08"]
[SourceQuality "1"]

1. e4 c5 2. Nf3 Nc6 3. d4 cxd4 4. Nxd4 e5 5. Nb5 d6 6. N1c3 a6 7. Na3 Be6 8.
Nc4 b5 9. Ne3 Nf6 10. Ned5 Be7 11. a3 O-O 12. Be2 Nd4 13. Nxf6+ Bxf6 14. O-O
Rc8 15. Bd3 Bg5 16. Ne2 Nc6 17. Kh1 Kh8 18. f4 exf4 19. Bxf4 Bf6 20. c3 Ne5 21.
h3 Nxd3 22. Qxd3 Bc4 23. Qf3 Re8 24. Rfe1 d5 25. Rad1 dxe4 26. Rxd8 exf3 27.
Rxc8 Rxc8 28. Ng3 f2 29. Rc1 Re8 30. Bd2 Bh4 31. Nf1 Bxf1 32. Rxf1 Bg3 0-1

[Event "Matinhos Caioba op"]
[Site "Matinhos"]
[Date "2015.08.14"]
[Round "2"]
[White "Cubas, Jose Fernando"]
[Black "Ferrero, Carlos E"]
[Result "1-0"]
[WhiteElo "2413"]
[BlackElo "1983"]
[PlyCount "77"]
[EventDate "2015.08.14"]
[EventType "swiss"]
[EventRounds "6"]
[EventCountry "BRA"]
[SourceTitle "EXT 2016"]
[Source "ChessBase"]
[SourceDate "2015.10.08"]
[SourceVersion "1"]
[SourceVersionDate "2015.10.08"]
[SourceQuality "1"]

1. e4 e5 2. Nf3 Nf6 3. Nxe5 d6 4. Nf3 Nxe4 5. d4 d5 6. Bd3 Nc6 7. Nbd2 Nf6 8.
O-O Be7 9. c3 O-O 10. h3 Re8 11. Re1 Bd6 12. Rxe8+ Qxe8 13. Qc2 g6 14. Nf1 Nh5
15. Ne3 Nf4 16. Bf1 Ne7 17. Bd2 Be6 18. Re1 Qd7 19. Ng5 Bf5 20. Nxf5 Qxf5 21.
Qxf5 Nxf5 22. g3 h6 23. Bxf4 Bxf4 24. gxf4 hxg5 25. fxg5 Kf8 26. Bd3 Nh4 27.
Re3 Re8 28. Rxe8+ Kxe8 29. f4 f6 30. Kf2 Kf7 31. Kg3 Nf5+ 32. Bxf5 gxf5 33. Kh4
Kg6 34. gxf6 Kxf6 35. Kh5 c6 36. b4 b6 37. a4 a6 38. a5 b5 39. Kh6 1-0

[Event "Matinhos Caioba op"]
[Site "Matinhos"]
[Date "2015.08.15"]
[Round "3"]
[White "Calcado, Acyr Rogerio"]
[Black "Cubas, Jose Fernando"]
[Result "0-1"]
[WhiteElo "2138"]
[BlackElo "2413"]
[PlyCount "73"]
[EventDate "2015.08.14"]
[EventType "swiss"]
[EventRounds "6"]
[EventCountry "BRA"]
[SourceTitle "EXT 2016"]
[Source "ChessBase"]
[SourceDate "2015.10.08"]
[SourceVersion "1"]
[SourceVersionDate "2015.10.08"]
[SourceQuality "1"]

1. e4 c5 2. Nf3 Nc6 3. d4 cxd4 4. Nxd4 g6 5. Nc3 Bg7 6. Be3 Nf6 7. Be2 O-O 8.
Nb3 a5 9. a4 Nb4 10. O-O d5 11. e5 Ne4 12. f4 Bf5 13. Nb5 Ng3 14. hxg3 Bxc2 15.
Qd2 Bxb3 16. Qc3 Bc2 17. Bc5 Rc8 18. Na7 b6 19. Nxc8 bxc5 20. Na7 Qb6 21. Nb5
Rd8 22. Rfc1 c4+ 23. Qd4 Rb8 24. Bd1 Bd3 25. Bf3 f6 26. Re1 fxe5 27. fxe5 e6
28. Qxb6 Rxb6 29. Nd4 Bf8 30. Kh2 Bc5 31. Nb5 Nc2 32. Bg4 h5 33. Bh3 g5 34.
Bxe6+ Rxe6 35. Nc7 Rh6 36. Nxd5 Nxa1 37. Rxa1 0-1